000 00278nam a22001097a 4500
999 _c165346
_d165346
082 _a
_b
100 _aBharat Bhushan Agarwal
245 _aKagaz ke phool/
_cby Bharat Bhushan Agarwal.
260 _aNew Delhi:
_bBharathiya Vidya Prakashan,
_c1984.
650 _a
942 _cBK